Environmental Science

Na minha lista:
Detalhes bibliográficos
Autor principal: Arms, Karen (Author)
Formato: Livro
Idioma:inglês
Publicado em: Philadelphia : Saunders College Publ, 1990
Assuntos:
Tags: Adicionar Tag
Sem tags, seja o primeiro a adicionar uma tag!

MARC

LEADER 00000nam a22000003a 4500
001 stu72839
005 20150617225648.5
008 011126s1990----xxu-----------------eng-d
020 |a 0-03-007178-X 
040 |a STU  |b slo 
041 0 |a eng 
044 |a xxu 
080 |a 504 
100 1 |a Arms, Karen  |4 aut 
245 1 |a Environmental Science 
260 |a Philadelphia :  |b Saunders College Publ,  |c 1990 
300 |a 468 s 
650 7 |a environmentalistika  |2 stusub 
996 |b 284M033605  |c M*10182-1  |l MMKN  |s A  |a 24  |w stu72839_0001